000 00298nam a2200121Ia 4500
008 191201s2006 xx 000 0 und d
100 _aPERRY, Gerg
245 0 _aTeach yourself V B 6.0 in 24 Hours
260 _aN.Delhi
_bTech Media
_c2006
300 _a450
650 _aB.Tech(IT)
942 _2ddc
_cBK
999 _c2913
_d2913